000
00293nam a22001337a 4500
008
170801b xxu||||| |||| 00| 0 eng d
020
_a
061906448-X
041
_a
eng
080
_a
004
100
_a
32
101
_a
SHK
245
_a
DATABASE-DRIVEN WEB SITES
_c
MORRISON,M
942
_2
udc
_c
BK
999
_c
22399
_d
22399